Обескремнивание топазового концентрата бифторидом аммония; Известия Томского политехнического университета [Известия ТПУ]; Т. 311, № 3 : Химия

Dades bibliogràfiques
Parent link:Известия Томского политехнического университета [Известия ТПУ]/ Томский политехнический университет (ТПУ).— , 2000-
Т. 311, № 3 : Химия.— 2007.— [С. 30-34]
Altres autors: Андреев В. А., Буйновский А. С. Александр Сергеевич, Андреев А. А. Артем Андреевич, Дьяченко А. Н. Александр Николаевич
Sumari:Заглавие с титульного листа
Электронная версия печатной публикации
Выбран фторирующий агент для процесса обескремнивания топазового концентрата, проведена оценка термодинамических потенциалов топаза, рассчитаны термодинамические вероятности реакций фторирования основных составляющих топазового концентрата. Приведены результаты исследования процесса обескремнивания концентрата бифторидом аммония методами термогравиметрии, РФА, микрофотографирования.
Idioma:rus
Publicat: 2007
Col·lecció:Химия
Matèries:
Accés en línia:http://www.lib.tpu.ru/fulltext/v/Bulletin_TPU/2007/v311/i3/06.pdf
Format: MixedMaterials Electrònic Capítol de llibre
KOHA link:https://koha.lib.tpu.ru/cgi-bin/koha/opac-detail.pl?biblionumber=172511

MARC

LEADER 00000nla2a2200000 4500
001 172511
005 20240723104910.0
035 |a (RuTPU)RU\TPU\book\187078 
035 |a RU\TPU\book\187075 
090 |a 172511 
100 |a 20091214d2007 k y0rusy50 ca 
101 0 |a rus 
102 |a RU 
135 |a drnn ---uucaa 
181 0 |a i  
182 0 |a b 
200 1 |a Обескремнивание топазового концентрата бифторидом аммония  |f В. А. Андреев, А. С. Буйновский, А. А. Андреев, А. Н. Дьяченко 
203 |a Текст  |c электронный 
215 |a 1 файл (396 Кб) 
225 1 |a Химия 
300 |a Заглавие с титульного листа 
300 |a Электронная версия печатной публикации 
320 |a [Библиогр.: с. 34 (7 назв.)] 
330 |a Выбран фторирующий агент для процесса обескремнивания топазового концентрата, проведена оценка термодинамических потенциалов топаза, рассчитаны термодинамические вероятности реакций фторирования основных составляющих топазового концентрата. Приведены результаты исследования процесса обескремнивания концентрата бифторидом аммония методами термогравиметрии, РФА, микрофотографирования. 
337 |a Adobe Reader 
461 1 |0 (RuTPU)RU\TPU\book\176237  |t Известия Томского политехнического университета [Известия ТПУ]  |f Томский политехнический университет (ТПУ)  |d 2000- 
463 1 |0 (RuTPU)RU\TPU\book\187040  |x 1684-8519  |t Т. 311, № 3 : Химия  |v [С. 30-34]  |d 2007  |p 143 с. 
610 1 |a обескремнивание 
610 1 |a топазовый концентрат 
610 1 |a бифторид аммония 
610 1 |a фторирующие агенты 
610 1 |a термодинамические потенциалы 
610 1 |a топазы 
610 1 |a термодинамические вероятности 
610 1 |a фторирование 
610 1 |a исследования 
610 1 |a термогравиметрия 
610 1 |a микрофотографирование 
610 1 |a труды учёных ТПУ 
610 1 |a электронный ресурс 
701 1 |a Андреев  |b В. А. 
701 1 |a Буйновский  |b А. С.  |c российский химик  |c профессор Томского политехнического университета  |f 1940-  |g Александр Сергеевич  |3 (RuTPU)RU\TPU\pers\21950  |4 070 
701 1 |a Андреев  |b А. А.  |c химик-технолог  |c доцент Томского политехнического университета, кандидат технических наук  |f 1983-  |g Артем Андреевич  |3 (RuTPU)RU\TPU\pers\29528  |4 070  |9 14064 
701 1 |a Дьяченко  |b А. Н.  |c химик-технолог  |c профессор Томского политехнического университета, доктор технических наук  |f 1977-  |g Александр Николаевич  |3 (RuTPU)RU\TPU\pers\27691 
801 1 |a RU  |b 63413507  |c 20090623  |g PSBO 
801 2 |a RU  |b 63413507  |c 20230201  |g PSBO 
856 4 |u http://www.lib.tpu.ru/fulltext/v/Bulletin_TPU/2007/v311/i3/06.pdf 
942 |c CF